[Event "Chorzow OPEN FIDE"]
[Site "MDK Chorzow Batory"]
[Date "2010.03.28"]
[Round "9.2"]
[White "Kalinin, Oleg"]
[Black "Kuciel, Wladyslaw"]
[Result "1-0"]
[WhiteElo "2366"]
[BlackElo "2066"]
[PlyCount "99"]
[EventDate "2010.??.??"]

1. d4 Nf6 2. Nf3 e6 3. c4 c5 4. d5 b5 5. Bg5 exd5 6. cxd5 d6 7. e4 a6 8. a4 Be7
9. Bxf6 Bxf6 10. axb5 Bxb2 11. Ra2 Bf6 12. Bd3 O-O 13. O-O Bb7 14. Nbd2 g6 15.
Qb3 axb5 16. Rxa8 Bxa8 17. Qxb5 Nd7 18. Nc4 Be7 19. Ra1 f5 20. Rxa8 Qxa8 21.
Qxd7 fxe4 22. Qe6+ Kh8 23. Qxe4 Qa1+ 24. Bf1 Qf6 25. h4 Rf7 26. Ne3 Bf8 27. Qe8
Kg7 28. Qa8 Be7 29. Qa2 Qf4 30. Nc4 Rf5 31. Qa7 Rf7 32. Qb6 Qg4 33. Qb2+ Kg8
34. Ng5 Rf4 35. Ne6 Rf6 36. Qb8+ Bf8 37. Nxf8 Rxf8 38. Qxd6 Qd4 39. Ne3 Qxh4
40. g3 Qd4 41. Bh3 Kg7 42. Be6 Qa1+ 43. Kg2 Qf6 44. f4 h5 45. Qxc5 g5 46. Nf5+
Kg6 47. fxg5 Qb2+ 48. Kh3 Qb1 49. Nh4+ Kh7 50. Qe7+ 1-0

[Event "Chorzow OPEN FIDE"]
[Site "MDK Chorzow Batory"]
[Date "2010.03.28"]
[Round "9.3"]
[White "Mulet, Piotr"]
[Black "Sztwiertnia, Krzysztof"]
[Result "1-0"]
[WhiteElo "2352"]
[BlackElo "2082"]
[PlyCount "81"]
[EventDate "2010.??.??"]

1. e4 c6 2. Nc3 d5 3. Nf3 Bg4 4. h3 Bh5 5. exd5 cxd5 6. Bb5+ Nc6 7. g4 Bg6 8.
Ne5 Rc8 9. h4 f6 10. Nxg6 hxg6 11. d4 e6 12. Qd3 Kf7 13. Bxc6 Rxc6 14. Bd2 Bb4
15. O-O-O Ne7 16. h5 gxh5 17. gxh5 Nf5 18. a3 Ba5 19. Rdg1 Bxc3 20. Bxc3 a6 21.
Rh3 Qd6 22. Qf3 Rh6 23. Kb1 Rc8 24. Bd2 Rh7 25. Qg4 Qd8 26. h6 Ke7 27. Re1 Kf7
28. Rxe6 Qd7 29. Re1 g6 30. Bb4 Rd8 31. Rg1 Rg8 32. Re3 Qc8 33. Qxf5 Qxf5 34.
Re7+ Kf8 35. Rxh7+ Ke8 36. Re1+ Kd8 37. Ree7 Qxf2 38. Rd7+ Kc8 39. Rc7+ Kd8 40.
Ba5 Qf1+ 41. Ka2 1-0

[Event "Chorzow OPEN FIDE"]
[Site "MDK Chorzow Batory"]
[Date "2010.03.28"]
[Round "9.4"]
[White "Matczyk, Bartosz"]
[Black "Kaczmarek, Aleksander"]
[Result "0-1"]
[WhiteElo "2013"]
[BlackElo "2009"]
[PlyCount "52"]
[EventDate "2010.??.??"]

1. e4 d5 2. Nc3 dxe4 3. Nxe4 Nd7 4. Nf3 Ngf6 5. Ng3 e6 6. Bc4 Nb6 7. Bb3 c5 8.
c3 Bd7 9. O-O Bd6 10. d4 c4 11. Bc2 Qc7 12. Qe2 O-O-O 13. Ne5 Bc6 14. Nxc4 Nxc4
15. Qxc4 h5 16. Re1 h4 17. Nf1 Ng4 18. d5 Bxh2+ 19. Nxh2 Qxh2+ 20. Kf1 Qh1+ 21.
Ke2 Qxg2 22. Rf1 Rxd5 23. Bf4 f5 24. b4 Rhd8 25. a4 g5 26. Be4 fxe4 0-1

[Event "Chorzow OPEN FIDE"]
[Site "MDK Chorzow Batory"]
[Date "2010.03.28"]
[Round "9.5"]
[White "Klementys, Jerzy"]
[Black "Sroka, Janusz"]
[Result "0-1"]
[WhiteElo "1809"]
[BlackElo "2114"]
[PlyCount "68"]
[EventDate "2010.??.??"]

1. d4 Nf6 2. c4 g6 3. Nf3 Bg7 4. g3 O-O 5. Bg2 d6 6. O-O Nc6 7. Nc3 a6 8. e4 e5
9. d5 Ne7 10. b4 h6 11. h3 Nh5 12. Qc2 f5 13. Bb2 Nf6 14. Nh4 fxe4 15. Nxe4 g5
16. Nxf6+ Rxf6 17. Nf3 Bf5 18. Qd2 Qd7 19. Kh2 Raf8 20. Ng1 Ng6 21. f3 Qa4 22.
a3 R6f7 23. Ne2 h5 24. Rac1 g4 25. fxg4 hxg4 26. hxg4 Bxg4 27. Rxf7 Rxf7 28.
Nc3 Qd7 29. Rf1 Rxf1 30. Bxf1 Qf5 31. Bd3 Qh5+ 32. Kg1 Bh6 33. Qf2 Bf3 34. Qh2
Be3+ 0-1

[Event "Chorzow OPEN FIDE"]
[Site "MDK Chorzow Batory"]
[Date "2010.03.28"]
[Round "9.6"]
[White "Swiatloch, Tomasz"]
[Black "Krasnodebska, Magdalena"]
[Result "1-0"]
[WhiteElo "2113"]
[BlackElo "2066"]
[PlyCount "69"]
[EventDate "2010.??.??"]

1. e4 d5 2. exd5 Qxd5 3. Nc3 Qa5 4. d4 Nf6 5. Nf3 Bf5 6. Bc4 c6 7. Ne5 e6 8. g4
Bg6 9. h4 Ne4 10. Qf3 Nd6 11. Bd3 Bxd3 12. Qxd3 Na6 13. Bf4 O-O-O 14. O-O Nb4
15. Qe2 Nd5 16. Nxd5 exd5 17. g5 Qc7 18. c4 dxc4 19. Nxc4 Qd7 20. Rac1 Nxc4 21.
Rxc4 h6 22. Rfc1 hxg5 23. Rxc6+ Qxc6 24. Rxc6+ bxc6 25. Qa6+ Kd7 26. Qb7+ Ke6
27. Qxc6+ Bd6 28. d5+ Ke7 29. Bxd6+ Rxd6 30. Qc7+ Rd7 31. Qe5+ Kf8 32. Qb8+ Ke7
33. Qxh8 Rxd5 34. Qxg7 gxh4 35. Qg4 1-0

[Event "Chorzow OPEN FIDE"]
[Site "MDK Chorzow Batory"]
[Date "2010.03.28"]
[Round "9.7"]
[White "Kempa, Stefan"]
[Black "Ociepka, Tomasz"]
[Result "1-0"]
[WhiteElo "2072"]
[BlackElo "1871"]
[PlyCount "97"]
[EventDate "2010.??.??"]

1. d4 d5 2. c4 e6 3. Nf3 Nf6 4. Nc3 Be7 5. h3 O-O 6. Bf4 c6 7. e3 Nbd7 8. c5
Re8 9. Bd3 Nf8 10. O-O Ng6 11. Bh2 b5 12. b4 a5 13. a3 a4 14. Qc2 Bd7 15. Ne5
Qc8 16. f4 Ra6 17. g4 Nf8 18. g5 Nh5 19. Be2 g6 20. Bxh5 gxh5 21. Qe2 h4 22.
Qh5 Ng6 23. Nxf7 Rf8 24. Nh6+ Kg7 25. Qg4 Qe8 26. Ne2 Kh8 27. Nc1 Ra7 28. Nd3
e5 29. f5 e4 30. Ne5 Qd8 31. Nxd7 Qxd7 32. fxg6 Qxg4+ 33. hxg4 hxg6 34. Be5+
Kh7 35. Rxf8 Bxf8 36. Rf1 Bxh6 37. gxh6 Kxh6 38. Bf4+ Kg7 39. g5 Rf7 40. Be5+
Kf8 41. Bf6 Ke8 42. Rf4 Rh7 43. Kh2 Kd7 44. Kh3 Ke6 45. Be5 Rf7 46. Kxh4 Rf5
47. Kg4 Rf7 48. Rf6+ Rxf6 49. gxf6 1-0

[Event "Chorzow OPEN FIDE"]
[Site "MDK Chorzow Batory"]
[Date "2010.03.28"]
[Round "9.10"]
[White "Widera, Jan"]
[Black "Marek, Eugeniusz"]
[Result "1/2-1/2"]
[WhiteElo "2065"]
[BlackElo "1887"]
[PlyCount "94"]
[EventDate "2010.??.??"]

1. e4 c6 2. c4 d5 3. exd5 cxd5 4. cxd5 Qxd5 5. Nc3 Qa5 6. d4 e6 7. Nf3 Nf6 8.
Bd3 Be7 9. O-O O-O 10. Re1 Rd8 11. Bf4 Nc6 12. a3 Qh5 13. Be2 Bd6 14. Ne5 Qf5
15. Nxc6 bxc6 16. Bxd6 Rxd6 17. Qa4 c5 18. Bf3 Bd7 19. Qa5 Bc6 20. Qxc5 Rad8
21. Re5 Qf4 22. Bxc6 Ng4 23. Rae1 Qxh2+ 24. Kf1 Nxe5 25. Rxe5 Qh1+ 26. Ke2 Rxd4
27. Kf3 Qc1 28. Re4 Rd3+ 29. Re3 Qxb2 30. Ne4 h6 31. Qxa7 Qc1 32. Bb5 R3d4 33.
Qe7 Qd1+ 34. Kg3 Qh5 35. Be8 Qg6+ 36. Kf3 R8d5 37. Ke2 Re5 38. Bxf7+ Qxf7 39.
Qxf7+ Kxf7 40. Nd6+ Rxd6 41. Rxe5 Ra6 42. Re3 Kf6 43. Kd2 e5 44. Kc2 Kf5 45.
Kb2 e4 46. Kb3 Rb6+ 47. Kc3 Rc6+ 1/2-1/2

[Event "Chorzow OPEN FIDE"]
[Site "MDK Chorzow Batory"]
[Date "2010.03.28"]
[Round "9.11"]
[White "Santura, Janusz"]
[Black "Blasiak, Miroslaw"]
[Result "1/2-1/2"]
[WhiteElo "1876"]
[BlackElo "2003"]
[PlyCount "64"]
[EventDate "2010.??.??"]

1. d4 d5 2. Nf3 Nf6 3. Bg5 Ne4 4. Bh4 c5 5. Nbd2 Bf5 6. e3 Qb6 7. Rb1 e6 8. Bd3
Nc6 9. O-O Nxd2 10. Qxd2 Bxd3 11. Qxd3 Bd6 12. c3 h6 13. dxc5 Bxc5 14. b4 Bf8
15. e4 dxe4 16. Qxe4 Bd6 17. c4 Qc7 18. c5 Be7 19. Bg3 Qc8 20. b5 Nd8 21. c6
bxc6 22. bxc6 Qxc6 23. Qxc6+ Nxc6 24. Rfc1 Nb4 25. Rc7 Nd5 26. Rcb7 O-O 27. Nd4
Rfc8 28. h3 a5 29. Rd7 Bb4 30. Nb5 Rd8 31. Rb7 Rac8 32. Rb3 a4 1/2-1/2

[Event "Chorzow OPEN FIDE"]
[Site "MDK Chorzow Batory"]
[Date "2010.03.28"]
[Round "9.12"]
[White "Faron, Rafal"]
[Black "Leczycki, Pawel"]
[Result "0-1"]
[WhiteElo "1721"]
[BlackElo "1989"]
[PlyCount "104"]
[EventDate "2010.??.??"]

1. d4 Nf6 2. c4 g6 3. Nc3 Bg7 4. e4 d6 5. f3 O-O 6. Be3 e5 7. d5 c6 8. Qd2 cxd5
9. cxd5 a6 10. Bd3 b5 11. Nge2 h5 12. h3 Nbd7 13. g4 Qa5 14. a3 Rb8 15. Ng3 h4
16. Nge2 b4 17. Na2 Nc5 18. Bc2 Qc7 19. axb4 Ncd7 20. Bg5 a5 21. Bxh4 Ba6 22.
Bg5 axb4 23. b3 Rfc8 24. Rc1 Qa5 25. Bb1 Nc5 26. Qb2 Qb5 27. Rh2 Nd3+ 28. Bxd3
Qxd3 29. Rxc8+ Rxc8 30. Nxb4 Qb5 31. Nxa6 Qxa6 32. Qd2 Nd7 33. Be3 Qa1+ 34. Qd1
Qb2 35. h4 Rc2 36. h5 Bf6 37. hxg6 fxg6 38. Rh6 Kg7 39. g5 Bd8 40. Nf4 Nf8 41.
Ne6+ Nxe6 42. dxe6 Qxb3 43. Bd2 Qd3 44. e7 Bxe7 45. f4 Bd8 46. fxe5 Rxd2 47.
Qxd2 Qxd2+ 48. Kxd2 Bxg5+ 49. Kd3 Bxh6 50. exd6 Kf6 51. Kd4 Ke6 52. e5 Bg7 0-1

[Event "Chorzow OPEN FIDE"]
[Site "MDK Chorzow Batory"]
[Date "2010.03.28"]
[Round "9.13"]
[White "Semik, Tomasz"]
[Black "Stepniewski, Jerzy"]
[Result "1-0"]
[WhiteElo "1968"]
[BlackElo "1794"]
[PlyCount "57"]
[EventDate "2010.??.??"]

1. Nf3 Nf6 2. g3 g6 3. b3 Bg7 4. Bb2 O-O 5. Bg2 d6 6. O-O c6 7. d3 d5 8. Nbd2
Na6 9. c4 e6 10. Rc1 Re8 11. a3 Qe7 12. Rc2 Rd8 13. Qa1 Ne8 14. Rfc1 Bh6 15. b4
b5 16. Nd4 Bb7 17. cxb5 cxb5 18. Nxb5 Rdc8 19. e3 Rxc2 20. Rxc2 Qd7 21. Nd4 Rc8
22. Qc1 Rxc2 23. Qxc2 e5 24. N4b3 f6 25. Na5 Ba8 26. Ndb3 Bf8 27. e4 d4 28.
Qc4+ Kh8 29. Qxa6 1-0

[Event "Chorzow OPEN FIDE"]
[Site "MDK Chorzow Batory"]
[Date "2010.03.28"]
[Round "9.16"]
[White "Czornik, Janusz"]
[Black "Michalski, Edmund"]
[Result "0-1"]
[WhiteElo "1829"]
[BlackElo "1906"]
[PlyCount "106"]
[EventDate "2010.??.??"]

1. e4 e6 2. Qe2 d6 3. g3 Nf6 4. Bg2 Nc6 5. Nf3 e5 6. d3 Bg4 7. c3 Be7 8. O-O h6
9. Qc2 O-O 10. h3 Bh5 11. Be3 Qd7 12. Nbd2 a6 13. Nh4 Rfe8 14. Nf5 Bf8 15. Nb3
Rad8 16. c4 Nb4 17. Qc3 c5 18. a3 Nc6 19. f4 Nd4 20. Bxd4 cxd4 21. Qd2 Bg6 22.
fxe5 dxe5 23. Nxh6+ Kh7 24. Nf5 Nh5 25. Kh2 Bxf5 26. Rxf5 g6 27. Rf3 Bh6 28.
Qf2 Rf8 29. Rf1 Kg7 30. Nc5 Qe7 31. b4 Be3 32. Qe2 a5 33. Qb2 Ra8 34. bxa5 Rxa5
35. Qxb7 Qxb7 36. Nxb7 Rxa3 37. Nc5 Rc8 38. Nd7 f6 39. Nxf6 Nxf6 40. Rxf6 Rxd3
41. Rf7+ Kh6 42. Rd7 Rc3 43. Rff7 Rh8 44. h4 d3 45. Bf3 d2 46. h5 Kg5 47. Rg7
Rxh5+ 48. Bxh5 Kxh5 49. Rxd2 Bxd2 50. Re7 Kg4 51. Rxe5 Rc2 52. Rd5 Be3+ 53. Kh1
Kxg3 0-1

[Event "Chorzow OPEN FIDE"]
[Site "MDK Chorzow Batory"]
[Date "2010.03.28"]
[Round "9.17"]
[White "Solek, Zenon"]
[Black "Kostowski, Andrzej"]
[Result "1-0"]
[WhiteElo "1895"]
[BlackElo "1774"]
[PlyCount "93"]
[EventDate "2010.??.??"]

1. e4 c5 2. Nf3 Nc6 3. d4 cxd4 4. Nxd4 g6 5. c4 Bg7 6. Be3 d6 7. Nc3 Nf6 8. Be2
Bd7 9. O-O a6 10. Nb3 O-O 11. f4 Qc8 12. h3 Rb8 13. Rc1 b6 14. Bf3 Qd8 15. Qe2
e6 16. Rfd1 Qe7 17. Qd2 Ne8 18. e5 Na5 19. Ne4 Ba4 20. Nxa5 bxa5 21. b3 Bc6 22.
exd6 Qd8 23. Bc5 Bxe4 24. Bxe4 Nf6 25. Bf3 Nd7 26. Bd4 e5 27. fxe5 Nxe5 28.
Bxe5 Bxe5 29. c5 Qh4 30. c6 Qg3 31. c7 Qh2+ 32. Kf1 Bf4 33. cxb8=Q Rxb8 34. d7
Rd8 35. Qxa5 Rxd7 36. Rxd7 Qh1+ 37. Kf2 Qxc1 38. Qd8+ Kg7 39. Qe7 Qc2+ 40. Qe2
Qc5+ 41. Kf1 Bh2 42. Qc4 Qf5 43. Qd3 Qf6 44. a4 Bg3 45. Rd5 Qa1+ 46. Qd1 Qf6
47. Qd4 1-0

[Event "Chorzow OPEN FIDE"]
[Site "MDK Chorzow Batory"]
[Date "2010.03.28"]
[Round "9.18"]
[White "Tomanek, Jerzy"]
[Black "Richter, Bronislaw"]
[Result "0-1"]
[WhiteElo "1866"]
[BlackElo "1834"]
[PlyCount "108"]
[EventDate "2010.??.??"]

1. e4 g5 2. d4 Bg7 3. Bxg5 c5 4. Be3 Nc6 5. c3 cxd4 6. Bd2 d5 7. exd5 Qxd5 8.
c4 Qe6+ 9. Qe2 Ne5 10. f4 Nd3+ 11. Kd1 Qxe2+ 12. Kxe2 Nxb2 13. Kf3 Nf6 14. h3
Bf5 15. Ne2 Bxb1 16. Rxb1 Nxc4 17. Bc1 e5 18. Nxd4 e4+ 19. Kf2 e3+ 20. Kf3 Nd2+
21. Bxd2 exd2 22. Nf5 O-O 23. Bc4 Rfd8 24. Rhd1 Bf8 25. Rxb7 Rac8 26. Bxf7+ Kh8
27. Rb2 Rc3+ 28. Ke2 Ne4 29. Bb3 Rcd3 30. Rc2 Bb4 31. Rc7 Nc3+ 32. Rxc3 Bxc3
33. Bc4 R3d7 34. g4 Bb2 35. Bb3 Bc1 36. Rf1 d1=Q+ 37. Rxd1 Rxd1 38. Bxd1 Rd2+
39. Ke1 Rh2 40. h4 Rxa2 41. h5 Bxf4 42. Be2 a5 43. Kf2 a4 44. Kf3 Bg5 45. Bc4
Rc2 46. Be6 a3 47. Nd4 Rb2 48. Ke4 Bf6 49. Kd3 Bxd4 50. Kxd4 a2 51. Bxa2 Rxa2
52. Ke4 Rf2 53. g5 Kg7 54. Ke5 h6 0-1

[Event "Chorzow OPEN FIDE"]
[Site "MDK Chorzow Batory"]
[Date "2010.03.28"]
[Round "9.20"]
[White "Jopek, Krzysztof"]
[Black "Hendel, Kazimierz"]
[Result "1-0"]
[WhiteElo "1905"]
[BlackElo "1686"]
[PlyCount "57"]
[EventDate "2010.??.??"]

1. d4 Nf6 2. Nf3 g6 3. c4 c6 4. Nc3 Bg7 5. e4 d6 6. Be2 O-O 7. O-O Re8 8. Bg5
h6 9. Bh4 g5 10. Bg3 Nh5 11. Re1 Nxg3 12. hxg3 Nd7 13. Nh2 Nf6 14. g4 e5 15. d5
cxd5 16. cxd5 Bd7 17. Nf1 Rc8 18. Ne3 a6 19. Qb3 Rc7 20. Rec1 Qc8 21. f3 h5 22.
Nf5 Bf8 23. Qb6 hxg4 24. fxg4 Nxe4 25. Qe3 Bxf5 26. Nxe4 Bg6 27. Nf6+ Kg7 28.
Rxc7 Qxc7 29. Nxe8+ 1-0

[Event "Chorzow OPEN FIDE"]
[Site "MDK Chorzow Batory"]
[Date "2010.03.28"]
[Round "9.21"]
[White "Czornik, Adam"]
[Black "Buchowski, Adam"]
[Result "1/2-1/2"]
[WhiteElo "1766"]
[BlackElo "1873"]
[PlyCount "64"]
[EventDate "2010.??.??"]

1. e4 c5 2. Nf3 a6 3. c3 d6 4. d4 Nd7 5. Bc4 e6 6. O-O Qc7 7. Qe2 Ne7 8. Bf4
Ng6 9. Bg3 Be7 10. Nbd2 b5 11. Bb3 Bb7 12. Rfe1 O-O 13. h4 Nh8 14. e5 dxe5 15.
Nxe5 Nxe5 16. Bxe5 Qc6 17. Qg4 Ng6 18. Nf3 Nxe5 19. Nxe5 Qc7 20. Bxe6 fxe6 21.
Qxe6+ Kh8 22. Qxe7 Qxe7 23. Ng6+ hxg6 24. Rxe7 Bc6 25. dxc5 a5 26. Rae1 Rae8
27. Rxe8 Rxe8 28. Rxe8+ Bxe8 29. f4 Kg8 30. Kf2 Kf7 31. Ke3 Ke6 32. b4 a4
1/2-1/2

[Event "Chorzow OPEN FIDE"]
[Site "MDK Chorzow Batory"]
[Date "2010.03.28"]
[Round "9.23"]
[White "Mirek, Lukasz"]
[Black "Bogacki, Henryk"]
[Result "0-1"]
[WhiteElo "1643"]
[BlackElo "1615"]
[PlyCount "45"]
[EventDate "2010.??.??"]

1. e4 e5 2. Nf3 Nc6 3. Bb5 a6 4. Ba4 Nf6 5. O-O Be7 6. Re1 b5 7. Bb3 O-O 8. c3
d5 9. exd5 Nxd5 10. Nxe5 Nxe5 11. Rxe5 Nf6 12. d4 Bd6 13. Re1 Ng4 14. g3 Nxh2
15. Kxh2 Qh4+ 16. Kg1 Bxg3 17. fxg3 Qxg3+ 18. Kh1 Bg4 19. Qxg4 Qxg4 20. Bd2
Rfe8 21. Na3 Re2 22. Rxe2 Qxe2 23. Bf4 0-1